Boundaries: procedures for boundary identification, demarcation and dispute resolution, (Record no. 121259)
[ view plain ]
| 000 -LEADER | |
|---|---|
| fixed length control field | 02131nam a22003017a 4500 |
| 001 - CONTROL NUMBER | |
| control field | 121259 |
| 008 - FIXED-LENGTH DATA ELEMENTS--GENERAL INFORMATION | |
| fixed length control field | 091222s2021 xxk|||||o|||| 00| 0 eng | |
| 020 ## - INTERNATIONAL STANDARD BOOK NUMBER | |
| ISBN | 9781783214082 |
| 041 ## - LANGUAGE CODE | |
| Language code of text/sound track or separate title | eng |
| 110 ## - MAIN ENTRY--CORPORATE NAME | |
| Corporate author | Royal Institution of Chartered Surveyors |
| 245 ## - TITLE STATEMENT | |
| Title | Boundaries: procedures for boundary identification, demarcation and dispute resolution, |
| Subtitle | RICS professional standard |
| Medium | [electronic resource] |
| 250 ## - EDITION | |
| Edition statement | 4th |
| 260 ## - PUBLICATION INFORMATION | |
| Place of publication | London, |
| Publisher | Royal Institution of Chartered Surveyors, |
| Date | February 2021 |
| 300 ## - PHYSICAL DESCRIPTION | |
| Physical description | 78p |
| 490 ## - SERIES TITLE | |
| Series statement | RICS professional standard |
| 490 ## - SERIES TITLE | |
| Series statement | RICS Guidance Note |
| 520 ## - ABSTRACT | |
| Abstract | This standard was prepared by the members of the RICS Boundaries Expert Working Group working under the auspices of the RICS Boundaries and Party Walls Working Group <br/>(B&PWWG). It supersedes the 3rd edition and is effective from 1 May 2021. |
| 520 ## - ABSTRACT | |
| Abstract | Part 2: Professional Conduct; Part 3: Setting up the project; Part 4: Research, title deeds etc; Part 5: Site visit, measured survey and photography; Part 6: The report; Part 7 - Alternative Dispute Resolution, mediation of boundary disputes; Part 9: Recording the outcome in HM Land Registry. Includes Appendices for: Mediation process and outline boundary agreement; Suggested Checklist for boundary disputes; Model of terms of business for boundary disputes; Entering neighbouring land advice; Boundaries relating to highways and public rights of way |
| 520 ## - ABSTRACT | |
| Abstract | This document was reissued in October 2022 as a professional standard. It was previously published in February 2021 as a Guidance Note. The regulatory requirements remain the same |
| 650 ## - KEYWORDS | |
| Keywords | BOUNDARY DETERMINATION |
| 650 ## - KEYWORDS | |
| Keywords | BOUNDARIES |
| 651 ## - SUBJECT ADDED ENTRY--GEOGRAPHIC NAME | |
| Geographic name | United Kingdom |
| 690 ## - BROAD SUBJECT | |
| 9 (RLIN) | 6221 |
| Broad subject | Boundary disputes |
| 690 ## - BROAD SUBJECT | |
| 9 (RLIN) | 6251 |
| Broad subject | Land use |
| 710 ## - ADDED CORPORATE NAME | |
| Added corporate author | Royal Institution of Chartered Surveyors |
| 856 ## - ONLINE RESOURCE | |
| Uniform Resource Identifier | <a href="https://www.rics.org/profession-standards/rics-standards-and-guidance/sector-standards/land-standards/boundaries-procedures-for-boundary-identification-demarcation-and-dispute-resolution-rics-guidance-note-4th-edition">https://www.rics.org/profession-standards/rics-standards-and-guidance/sector-standards/land-standards/boundaries-procedures-for-boundary-identification-demarcation-and-dispute-resolution-rics-guidance-note-4th-edition</a> |
| Public note | Available on RICS.org |
| 942 ## - ADDED ENTRY ELEMENTS (KOHA) | |
| Suppress in OPAC | Do not suppress in OPAC |
| Lost status | Source of classification or shelving scheme | Damaged status | Not for loan | Home library | Current library | Date acquired | Total Checkouts | Date last seen | Price effective from | Koha item type |
|---|---|---|---|---|---|---|---|---|---|---|
| Dewey Decimal Classification | Virtual | Virtual | 28/12/2022 | 21/03/2023 | 09/12/2022 | Online material |